000 00373cam a22001217a 4500
008 180718b1979 xxu||||| |||| 00| 0 eng d
082 _aB12x54 M698
100 _aMitra, Asok
245 _aNational population policy in relations to national planning
_cby Asok Mitra
260 _aAhmedabad
_bAjit Bhagat Memorial Trust
_c1979
300 _a42p.
650 _aPopulation - India
999 _c477085
_d477085